000 00752nam a2200265Ia 4500
003 OSt
005 20221006160216.0
006 a|||||r|||| 00| 0
007 ta
008 221006b |||||||| |||| 00| 0 eng d
020 _a9781439846636
_c3,506.00
024 _a44,618
037 _bGift, Window on Korea
_cTextual
040 _aEASL
_cEASL
_beng
041 _2eng
_aeng
082 _aD65,8(B).1, Q2
100 _aAndreasson Kim
_9672413
245 0 _aCybersecurity
_b Public sector threats and responses
260 _aLondon
_bCRC Press Korea
_c2012
300 _a392p.
_ccm.
490 _v KEL
650 _aKEL
942 _hD65,8(B).1, Q2
_cTEXL
_2CC
999 _c1112710
_d1112710